Normal view
MARC view
- Roberts,Clare / Weetman,Pauline / Gordon,Paul
Entry Personal Name
001 - CONTROL NUMBER
- control field: 3335
003 - CONTROL NUMBER IDENTIFIER
- control field: JO-AjAnu
005 - DATE AND TIME OF LATEST TRANSACTION
- control field: 20230606070841.0
008 - FIXED-LENGTH DATA ELEMENTS
- fixed length control field: 230606|| aca||aabn | a|a d
040 ## - CATALOGING SOURCE
- Original cataloging agency: JO-AjAnu
- Transcribing agency: JO-AjAnu
100 ## - HEADING--PERSONAL NAME
- Personal name: Roberts,Clare / Weetman,Pauline / Gordon,Paul
670 ## - SOURCE DATA FOUND
- Source citation: Work cat.: (JO-AjAnu)1743: Roberts,Clare / Weetman,Pauline / Gordon,Paul, author, International Financial Accounting : A Comparative Approach